000 00602nab a2200181 4500
001 244442
003 OSt
005 20250313090010.0
007 tu
008 200917s2020|||||||
040 _aDE-2950
_cDE-2950
245 0 0 _aKönigsdisziplin Porträt-Malerei
_bKunst. Manfred Neumann, der dienstälteste Maler aus Frankfurtr, gibt in der Magistrale Kunsthalle Einblick in sein Lebenswerk/
_cInes Weber-Rath
264 _c2024
653 _aFrankfurt (Oder)
653 _aManfred Neumann
773 0 _g36. Jahrgang (2025) Nr. 54 vom 05.03.2025, S. 15 mit Foto
_tMärkische Oderzeitung
942 _2z
_cA
999 _c373640
_d373640